000 00299nam a2200109Ia 4500
005 20251222144809.0
008 251222s9999||||xx |||||||||||||| ||spa||
082 _a027.985/A68
245 0 _aPrimer Seminario Nacional de Archivos Históricos:
264 _bArchivo General de la Nación
942 _cLIB
999 _c20033
_d20033